000 00418nam a22001817a 4500
003 MPLRDC
005 20220104165000.0
008 210129b ||||| |||| 00| 0 eng d
020 _a0-7135-1575-9
082 _a446.07 GANT
100 _aP. GANT
245 _aMECHANICS
_c
250 _a三版
260 _a
_bG. BELL AND SONS, LTD
_c1975
300 _b
650 _a机械工程
942 _cBK
_o446.07 GANT
999 _c57245
_d57235